| 000 | 00529nam a2200217Ia 4500 | ||
|---|---|---|---|
| 003 | 0100 | ||
| 008 | 130303s9999 xx 000 0 und d | ||
| 020 | _a0395300673 | ||
| 040 | _cARRUPELIB | ||
| 050 | _aBF204.R64 | ||
| 100 | _aRogers, Carl R. | ||
| 245 | 2 | _aA way of being | |
| 260 | _aBoston | ||
| 260 | _bHoughton Mifflin Company | ||
| 260 | _C1980 | ||
| 300 | _a395p. | ||
| 300 | _b 23cm | ||
| 650 | _bSchizophrenia-case studies | ||
| 650 | _cSchizophrenia-family relationships-case studies | ||
| 942 |
_2lcc _02 |
||
| 999 |
_c64246 _d64246 |
||